01779cam a2200241 i 4500003000900000005001700009007000300026008004100029040003100070082001300101100003600114245006000150250001800210264003200228300002600260336002700286337003300313338002800346520107800374650002201452650002501474650003801499DO-SdBNP20240625105028.0ta240625s1975 mx 000 f spa d aDO-SdBNPcspadBNPHU erda bS2112221 aSánchez, José Leóneautor13aLa isla de los hombres solos /cJosé León Sánchez a65a edición 1aMéxico :bNovaro, c1975. a234 páginasc21 cm. 2rdacontentatextobtxt 2rdamediaasin mediaciónbn 2rdacarrieravolumenbnc aJosé León Sánchez, trata sobre las condiciones inhumanas del penal de San Lucas en Costa Rica. En primera persona un hombre narra cómo es acusado injustamente de asesinato y es condenado a trabajo forzado, como es llevado al penal de san Lucas, su estancia en el temido lugar, las vejaciones a que es sometido y el hambre crónica pintada en cada una de las caras de los presos. El penal de San Lucas se caracterizaba por ser una isla donde sólo hombres eran encarcelados, las prácticas homosexuales y con los animales eran cosa común en el claustro, algunos hombres terminaban por tomar roles de mujer. En el penal primeramente colocaban un grillete de varios kilos que terminaba por llenar de llagas el tobillo, ocasionando gangrenas e infecciones dolorosas. La comida era escasa, el hambre se enseñoreaba, al mismo tiempo que los malos tratos y las golpizas de los guardias. La muerte era la única forma de escapar de aquel lugar, las aguas infestadas de tiburones hacían imposible el escape; no por eso, no había intento fallidos de fuga. 14aHistorias de vida14aPrivados de libertad14aSistema penitenciariozCosta Rica